Normale Ansicht MARC-Ansicht ISBD

Soviet Russia : (Titelsatznr. 47645)

[ MARC ]
MARC-Details
000 -Satzkennung
Kontrollfeld mit fester Länge 00470nam a22001691c 4500
001 - Kontrollnummer
Kontrollfeld a987690874
008 - Feld mit fester Länge zur physischen Beschreibung - Allgemeine Angaben
Kontrollfeld mit fester Länge 181120s1925 gw |||| 000u eng d
040 ## - Katalogisierungsquelle
Übertragungsstelle RU-10907106
003 - Kontrollnummer Identifier
Kontrollfeld RU-10907106
245 00 - Titel
Titel Soviet Russia :
Zusatz zum Titel An investigation by British women trade unionists - April to July, 1925
264 ## - Produktion, Veröffentlichung, Distribution, Herstellung und Urheberrechtsvermerk
Herstellungs-, Veröffentlichungs- Vertriebs-, Erzeugungsort Adelphi :
Produzent, Herausgeber, Distributor, Hersteller Coates,
Datum der Herstellung, der Veröffentlichung, des Vertriebs oder des Urheberschutzvermerks [1925]
300 ## - Physische Beschreibung
Umfang XII, 88 Seiten
650 #0 - Nebeneintragung unter einem Schlagwort - Sachschlagwort
Sachschlagwort oder geografischer Name als Eintragungselement Gewerkschaft
651 #0 - Nebeneintragung unter einem Schlagwort - Geografischer Name
Geografischer Name Großbritannien
651 #0 - Nebeneintragung unter einem Schlagwort - Geografischer Name
Geografischer Name Sowjetunion
942 ## - Zusätzliche Felder (Koha)
Koha-Medientyp Monographien
Exemplare
Ausgeschieden Verloren Klassifikation oder Aufstellungssystematik Beschädigt Nicht entleihbar Heimatbibliothek Aufenthaltsbibliothek Aufstellungsort Erwerbungsdatum Inventarnummer Signatur Barcode Letzte Aktivität Preis gültig von Koha-Medientyp
    Andere/Generische Klassifikation     MWN Osteuropa MWN Osteuropa Magazin - 2 20/11/2018 19-01386 R 62 q Qua E0040150790EC86A 23/04/2020 22/03/2021 Monographien